Εγχειρίδιο κλασικών σπουδών = The Oxford companion to classical literature : μυθολογία - ιστορία - γραμματολογία - τέχνες - θρησκείες - επιστήμες
Αποθηκεύτηκε σε:
| Κύριος συγγραφέας: | |
|---|---|
| Άλλοι συγγραφείς: | |
| Μορφή: | Βιβλίο |
| Γλώσσα: | Greek English |
| Δημοσίευση: |
Θεσσαλονίκη :
Κυριακίδης,
1996.
|
| Θέματα: | |
| Ετικέτες: |
Προσθήκη ετικέτας
Δεν υπάρχουν, Καταχωρήστε ετικέτα πρώτοι!
|
MARC
| LEADER | 00000cam a2200000 i 4500 | ||
|---|---|---|---|
| 001 | 1/39462 | ||
| 008 | 030821s1996####gr | | ||| |||| ||gre|| | ||
| 020 | |a 9603433586 | ||
| 035 | |l 10070628 | ||
| 040 | |a GR-MY-UA |b gre |e aacr | ||
| 041 | 1 | |a gre |h eng | |
| 082 | 7 | |a 880.900103 |2 (21) | |
| 100 | 1 | |a Howatson, M. C. | |
| 245 | 1 | 0 | |a Εγχειρίδιο κλασικών σπουδών = |b The Oxford companion to classical literature : μυθολογία - ιστορία - γραμματολογία - τέχνες - θρησκείες - επιστήμες / |c επιμέλεια-μετάφραση: Βασίλειος Δ. Φόρης. |
| 246 | 1 | |i Παράλληλος τίτλος: |a The Oxford companion to classical literature | |
| 260 | |a Θεσσαλονίκη : |b Κυριακίδης, |c 1996. | ||
| 300 | |a 1128 σ. ; |c 25 εκ. | ||
| 500 | |a Μετάφραση του: The Oxford companion to classical literature | ||
| 504 | |a Περιλαμβάνει ευρετήριο. | ||
| 650 | 0 | 0 | |a Classical literature |x Dictionaries. |
| 650 | 0 | 0 | |a Classical dictionaries. |
| 700 | 1 | |a Φόρης, Βασίλειος Δ. |e edt |e trl | |
| 765 | 0 | 8 | |i Μετάφραση του: |t The Oxford companion to classical literature / |
| 852 | |a INST |b LESVOS |e 20030821 |h 880.900103 HOW |p 005100026829 |q 005100026829 |t REF |y 23 | ||
| 901 | |a BIBL1-2003-3 | ||
| 909 | |a Λ |b 106070 | ||
| 922 | |a 1ΕΛΗ |b 200307 |c ΤΑΚ/ΚΥΒ |d ΠΑΠΑΣΩΤΗΡΙΟΥ & ΕΛΕΥΘΕΡΟΥΔΑΚΗΣ | ||
| 950 | |a 023-2003-02-11 | ||
| 970 | |a ΧΡΙΣΤΟΦΑ |b ΝΙΚΗ |z 2003/09/09 | ||